[Event "POL-chT 2nd League"]
[Site "Jastrzebia Gora"]
[Date "2019.09.15"]
[Round "9.21"]
[White "Brylowski, Marian"]
[Black "Dudkiewicz, Wiktor"]
[Result "1-0"]
[WhiteElo "2044"]
[BlackElo "1844"]
[PlyCount "145"]
[EventDate "2019.09.07"]
[EventType "team-swiss"]
[EventRounds "9"]
[EventCountry "POL"]
[SourceTitle "EXT 2020"]
[Source "ChessBase"]
[SourceDate "2019.10.17"]
[SourceVersion "1"]
[SourceVersionDate "2019.10.17"]
[SourceQuality "1"]
[WhiteTeam "Lipusz WDA"]
[BlackTeam "Plock Stowarzyszenie"]
[WhiteTeamCountry "POL"]
[BlackTeamCountry "POL"]

1. e4 c5 2. Nf3 d6 3. d4 cxd4 4. Nxd4 Nf6 5. Nc3 a6 6. Be2 e5 7. Nb3 Be7 8. 0-0 0-0 9. Be3 Be6 10. f3 Nbd7 11. Qe1 Nb6 12. Qf2 Nc4 13. Bxc4 Bxc4 14. Rfd1 Nd7 15. Nd5 Bxd5 16. Rxd5 f5 17. exf5 Rxf5 18. Qe2 Rf7 19. Rad1 Nf6 20. R5d2 Qc7 21. c3 b5 22. Nc1 Bf8 23. Bg5 Nd7 24. Qe4 Re8 25. Qg4 Nb6 26. Nd3 a5 27. Nf2 Nc4 28. Re2 Qd7 29. Qe4 h6 30. Bc1 Qe6 31. Rd5 Qd7 32. Qd3 Rc8 33. Ne4 Qa7+ 34. Kh1 b4 35. b3 Nb6 36. Be3 Qc7 37. Rb5 d5 38. Bxb6 dxe4 39. Qxe4 Qxc3 40. h3 Qc1+ 41. Kh2 Qf4+ 42. Qxf4 Rxf4 43. Be3 Rf5 44. Rxa5 Bd6 45. Kg1 Rf7 46. Rd2 Rc6 47. Rad5 Bc7 48. Rb5 Bd6 49. Rb6 Rxb6 50. Bxb6 Rd7 51. Kf1 Kf7 52. Ke2 Ke6 53. Rc2 Rb7 54. Be3 Rb8 55. Kd3 Kd5 56. Rd2 Rc8 57. Ke2+ Ke6 58. Bf2 h5 59. Ke3 Bc5+ 60. Ke4 Bxf2 61. Rxf2 Rd8 62. Rc2 Rd4+ 63. Ke3 Rd1 64. Rc6+ Kd5 65. Rc7 Re1+ 66. Kd3 Ra1 67. Rd7+ Kc6 68. Rxg7 Rd1+ 69. Kc2 Re1 70. Rg5 Re2+ 71. Kd3 Rxa2 72. Kc4 Rd2 73. Kxb4 1-0

[Event "POL-chT 2nd League"]
[Site "Jastrzebia Gora"]
[Date "2019.09.08"]
[Round "2.21"]
[White "Dudkiewicz, Wiktor"]
[Black "Augustyn, Sebastian"]
[Result "0-1"]
[WhiteElo "1844"]
[BlackElo "2171"]
[PlyCount "38"]
[EventDate "2019.09.07"]
[EventType "team-swiss"]
[EventRounds "9"]
[EventCountry "POL"]
[SourceTitle "EXT 2020"]
[Source "ChessBase"]
[SourceDate "2019.10.17"]
[SourceVersion "1"]
[SourceVersionDate "2019.10.17"]
[SourceQuality "1"]
[WhiteTeam "Plock Stowarzyszenie"]
[BlackTeam "Pilzno GKSz Hetman"]
[WhiteTeamCountry "POL"]
[BlackTeamCountry "POL"]

1. e4 c5 2. Nf3 Nc6 3. d4 cxd4 4. Nxd4 d5 5. exd5 Qxd5 6. Be3 Nf6 7. Nc3 Qa5 8. Bb5 Bd7 9. 0-0 e6 10. Qf3 Rc8 11. Rfd1 Be7 12. Ne4 0-0 13. Nxc6 Bxc6 14. Bxc6 Rxc6 15. Nxf6+ Bxf6 16. Bd4 Bxd4 17. Rxd4 Rxc2 18. Qxb7 Qc5 19. Rad1 Qxd4 0-1